Cities by Popular Buildings - Statistics

General Stats
  • This quiz has been taken 33 times
  • The average score is 13 of 15
Answer Stats
Picture Answer % Correct
London
100%
New York City
100%
Paris
100%
Rome
100%
San Francisco
97%
Sydney
97%
Athens
94%
Barcelona
91%
Washington D.C.
91%
Seattle
88%
Dubai
81%
Chicago
66%
Berlin
53%
Shanghai
53%
Philadelphia
50%
No matching quizzes found
Score Distribution
Percent of People with Each Score
Percentile by Number Answered
Your Score History
You have not taken this quiz